000 00330nam a2200121Ia 4500
008 241015s9999 xx 000 0 und d
041 _aeng
082 _a823 GOP
100 _aGopel Maja
245 _aWe Can Do Better : A Departure into the world to tomorrow
260 _bScribe Publication
_aUk
_c2024
300 _a265;. P. 23 cm
999 _c41942
_d41942